01290 2200613 4500001002100000008004100021035002000062245003900082100001600121250000600137260003000143300001200173084001400185082000800199650001300207990001200220990001200232990001200244990001200256990001200268990001200280990001200292990001200304990001200316990001200328990001200340990001200352990001200364990001200376990001200388990001200400990001200412990001200424990001200436990001200448990001200460990001200472990001200484990001200496990001200508990001200520990001200532990001200544990001200556990001200568990001200580990001200592990001200604990001200616990001200628990001200640990001200652990001200664INLIS000000000000737 ind  a0010-0424000713 aBupena Fisika Kelas XIcAri Damari aDamari, Ari a1 aJakarta :bErlanggac2018 a242 hlm a530 ARI f a530 aNonfiksi a0739321 a0739322 a0739323 a0739324 a0739325 a0739326 a0739327 a0739328 a0739329 a0739330 a0739331 a0739332 a0739333 a0739334 a0739335 a0739336 a0739337 a0739338 a0739339 a0739340 a0739341 a0739342 a0739343 a0739344 a0739345 a0739346 a0739347 a0739348 a0739349 a0739350 a0739351 a0739352 a0739353 a0739354 a0739355 a0739356 a0739357 a0739358